000 00293 a2200145 4500
001 177516
020 _a
040 _cMagnum
100 _aAlunos da 2ยช Serie
240 1 0 _aEtica e...
_lpor
245 1 0 _aEtica e...
362 0 _a1899
697 _aMAGNITO: IJ/PARADIDATICO
942 _cBK
999 _c177516
_d177516